Orientación vocacional: aportes para la formación de orientadores

Bibliografische gegevens
Andere auteurs: Rascovan, Sergio (Compilador)
Formaat: Kit
Taal:Spanish
Reeks:Psicología y Educación
Onderwerpen:
Online toegang:http://nas.ucuenca.edu.ec/BibliotecaDigital/ebooks/librosyrev/104655.pdf

MARC

LEADER 00000cac a2200000 a 4500
001 104655
003 Ucuenca
005 20230308212433.0
008 006020|1998 ag |||||r|||||||||||spa||
020 |a 9879191420 
040 |b spa 
041 0 |a spa 
082 0 |a 371.425 
245 |a Orientación vocacional: aportes para la formación de orientadores  |c Sergio Rascovan, comP.  |h imp 
264 |a Buenos Aires  |b Ediciones Novedades Educativas  |c 1998 
300 |a 95 páginas:  |c 26 cm 
490 |a  Psicología y Educación 
504 |a incl. ref. 
650 0 |a Orientacion vocacional  |9 8855 
700 1 |a Rascovan, Sergio  |e Compilador  |9 200111 
852 |a UC-CDJBV  |f Compra  |l 1  |m General  |p 20060209  |q 13,23  |r 2  |t 104655  |y 30313  |b 0  |d CDRC  |e CDRC  |g 371.425 PRIMER PISO  |u http://nas.ucuenca.edu.ec/BibliotecaDigital/ebooks/librosyrev/104655.pdf  |z 2006-60-20 
856 |u http://nas.ucuenca.edu.ec/BibliotecaDigital/ebooks/librosyrev/104655.pdf 
942 |c CR 
999 |c 122079  |d 122079